[Event "Candidates Tournament"]
[Site "Moscow"]
[Date "2016.03.27"]
[Round "13"]
[White "Caruana, Fabiano"]
[Black "Svidler, Peter"]
[Result "1/2-1/2"]
[WhiteElo "2794"]
[BlackElo "2757"]
[Annotator "Sagar Shah"]
[PlyCount "231"]
[EventDate "2016.03.11"]
[EventType "tourn"]
[EventRounds "14"]
[EventCountry "RUS"]
[EventCategory "22"]
[SourceTitle "CBM 172"]
[Source "ChessBase"]
[SourceDate "2016.05.12"]
[SourceVersion "1"]
[SourceVersionDate "2016.05.12"]
[SourceQuality "1"]

1. e4 e5 2. Nf3 Nc6 3. Bb5 a6 {Two games in a row for Caruana against the Ruy
Lopez. These days it is normal to expect the Berlin starting with 3...Nf6. But
Svidler and Aronian both preferred the standard Ruy Lopez.} 4. Ba4 Nf6 5. O-O
Be7 6. d3 {Caruana plays the 6.d3 variation, the same as he did against Levon
Aronian in the previous round.} b5 7. Bb3 d6 {Threatening ...Na5 to win the
b3-bishop now that the e5-pawn is defended.} ({Aronian's} 7... O-O {was met by
8.Nc3 in the previous round.}) 8. a4 Bd7 9. c3 O-O 10. Bc2 b4 11. Re1 Re8 12.
Nbd2 {Leko-Caruana and Karjakin-Aronian are the two main games that reached
this position.} Bf8 $146 {The first new move of the game. But definitely not
prepared at home. Both the players were taking quite a lot of time to make
their moves.} (12... Na5 {had been previously played.} 13. d4 (13. cxb4 Nc6 {
and the b4-pawn falls}) 13... Bf8 14. h3 h6 15. Bd3 bxc3 16. bxc3 c5 17. d5 Qc7
18. Nc4 Nxc4 19. Bxc4 Reb8 20. Nd2 $14 {1-0 (45) Leko,P (2735)-Caruana,F (2781)
Wijk aan Zee 2013}) (12... Rb8 {has also been played.} 13. Nf1 Bf8 14. Bg5 h6
15. Bh4 Be7 16. h3 Nh7 17. Bg3 Ng5 18. N1d2 Bf6 19. a5 bxc3 20. bxc3 Na7 $11 {
1-0 (61) Karjakin,S (2775)-Aronian,L (2815) Beijing 2012}) 13. a5 g6 14. Bb3 (
14. d4 bxc3 15. bxc3 exd4 16. cxd4 Bg7 {is what Black is looking forward to.})
14... Be6 15. Ba4 Bd7 16. Nf1 {Caruana isn't interested in going d4
immediately. Instead he tries to strengthen his position with Ne3.} (16. Bxc6
Bxc6 17. cxb4 {wins a pawn but after} Rb8 {it is difficult to hold on to the
extra pawn.} 18. Qb3 d5 19. exd5 Qxd5 $1 20. Qxd5 Nxd5 21. Nxe5 f6 22. Nef3
Nxb4 $17 {with excellent play.}) 16... h6 {Although Bg5 wasn't such a huge
threat, Svidler prevents it.} 17. Ng3 {At first sight this move looks pretty
illogical as the knight on g3 is sort of dominated by the pawn on g6. The
knight could have been placed better on e3. However, White's idea now would
surely be to break in the centre with d4.} (17. Ne3 {with ideas of going to d5
and c4 looks natural.}) 17... bxc3 18. bxc3 Bg7 19. h3 {Caruana is taking it
slow. He wants to maintain maximum pressure in the position before committing
to anything.} (19. d4 {was of course possible. An illustrative line would go
something like} exd4 20. cxd4 Rb8 21. Bd2 Nb4 22. Bb3 c5 23. Bf4 {[%cal Gf4b8]}
Bb5 $1 {A very nice positional exchange sacrifice.} 24. dxc5 dxc5 25. Bxb8 Qxb8
{[%cal Gb4d3,Gc5c4]} 26. e5 Ng4 27. e6 f5 $13) 19... d5 $6 {Peter loses his
patience and breaks in the centre but this is exactly what Caruana was looking
for. This completely justifies the placement of the knight on g3 as it gets to
the e4-square.} (19... Rb8 {maintaining the pressure was better.}) 20. exd5
Nxd5 21. Ne4 $1 Nb8 (21... f5 22. Nc5 Nxc3 23. Qb3+ Kh7 24. Qxc3 e4 25. Qd2
exf3 26. Bb2 $18) (21... Nce7 22. Bb3 $16) 22. Bb3 (22. Qb3 {was also possible.
} Bxa4 23. Rxa4 Nf6 24. Nxf6+ Qxf6 25. Rc4 $16) 22... Be6 23. Bd2 $6 ({A very
weird but quite strong move was} 23. Nc5 $5 {sacrificing the c3 pawn.} Nxc3 24.
Nxe6 Rxe6 (24... Nxd1 25. Nxd8 Rxd8 26. Nxe5 $18) 25. Qc2 Nd5 (25... Rc6 26.
Nxe5 Bxe5 27. Rxe5 Qd4 28. Re8+ Kh7 29. Bb2 $18) 26. d4 $1 exd4 27. Rxe6 fxe6
28. Qxg6 $18) (23. Bb2 Nd7 $11) (23. Ra3 Nd7 24. d4 $1 $16) 23... Nd7 $1 {
Black has limited the damage by quite some extent by controlling the c5-square.
} 24. Ba4 (24. Qc2 {with the idea of d3-d4 was better way to proceed.} f5 $6
25. Qa2 $16) 24... f5 $1 25. Ng3 (25. Bxd7 Bxd7 26. Nc5 Bc6 $11) 25... c5 {
Black is already doing completely fine.} 26. Bb3 {Repeatedly moving the bishop
from b3 to a4 and back gains nothing.} (26. Bxd7 Bxd7 27. Qb3 Be6 $15) (26. c4
Nb4 27. Bc3 {putting additional pressure on e5 seems like the right way
forward.} Qc7 28. Qd2 {with a very complex position.}) 26... Qc7 27. h4 N5f6 $1
$11 {Black has a comfortable position.} 28. h5 f4 {The human reaction.} (28...
c4 $1 {was an extremely strong positional move.} 29. Bxc4 (29. dxc4 f4 30. Ne4
Nxe4 31. Rxe4 Nc5 $1 32. Re1 Bg4 $19) 29... Bxc4 30. dxc4 f4 31. Ne4 Nxe4 32.
Rxe4 Nc5 33. Re1 g5 $17 {Black's position is clearly to be preferred.}) 29.
Bxe6+ Rxe6 30. Ne4 Nxh5 31. d4 $5 (31. Qb3 c4 $1 32. dxc4 Kh8 $11) 31... Qc6 $1
{What a cool and calm move. Svidler calculates that all the captures lead to
an inferior position and just maintains the tension. He now has the threat of
taking exd4 and at the same time has prevented d4-d5.} (31... cxd4 $2 32. Qb3
$1 Qc6 33. cxd4 exd4 34. Rac1 $16) (31... exd4 $6 32. cxd4 Rae8 (32... c4 33.
Rc1 $16) 33. Nxc5 Rxe1+ 34. Bxe1 Nxc5 35. Rc1 $1 Rd8 36. Bb4 Kh7 37. Bxc5 $16)
32. Qb3 c4 $1 33. Qa4 Qd5 $1 {After a series of accurate moves Black is now
clearly better.} 34. Rad1 Rae8 $2 {A bad mistake by Svidler which changes the
evaluation of the position by 180 degrees.} (34... Rf8 $1 {Not an easy move to
find but this rook had to be brought into the game and the most natural square
is e8. However, Re8 fails tactically and hence Rf8 is the best move.} 35. dxe5
Nxe5 36. Nxe5 Rxe5 $17 37. Bxf4 $2 Rxe4 $1 38. Rxd5 Rxe1+ 39. Kh2 Rxf4 $19) (
34... exd4 $6 35. cxd4 Rxe4 36. Rxe4 Qxe4 37. Qxd7 $14) (34... Qb5 $5 35. Qa2
$13 (35. Qxb5 axb5 $17)) (34... Rc8 $5 {is also not bad.}) 35. dxe5 Nxe5 36.
Nxe5 (36. Bxf4 Nd3 $1 $19) 36... Rxe5 (36... Qxe5 37. Qxc4 $16) (36... Bxe5 37.
Bxf4 Qb5 38. Qxb5 axb5 39. Bxe5 Rxe5 40. f3 $18) 37. Bxf4 $1 Qb5 (37... Rxe4
38. Qxe8+ $1 {This is the move which Svidler saw just in the nick of time. Or
else he would have had to resign!} Rxe8 39. Rxe8+ Kf7 40. Rxd5 $18) 38. Qxb5
Rxb5 39. Bd6 {White is better now as the bishop will sit on b4 defending both
the pawns, while the black pawns on a6 and c4 would be weak.} Kh8 (39... Rxa5
$2 40. g4 $18 {[%cal Ge4f6]}) 40. g4 Nf6 41. Nxf6 Rxe1+ 42. Rxe1 Bxf6 43. Re8+
Kg7 44. Bb4 $16 Re5 45. Rc8 Re6 46. Rc7+ Kg8 47. Rxc4 $16 {Caruana is a pawn
up but as the game shows, the conversion into a win is not at all easy.
However, Svidler was quite depressed at this point, because he had blown a
clearly better position. From this point onwards he began to play quickly and
not really think much about what his opponent would do. He began to just
respond.} h5 48. Kg2 Kf7 49. Rc5 (49. gxh5 gxh5 {the passed h-pawn gives some
counterplay.}) (49. Rc7+ $145 $1 Ke8 50. gxh5 gxh5 51. f4 {is Kasimdzhanov's
proposal in his video.}) 49... hxg4 50. Rc7+ Ke8 51. Rc4 Kd7 52. Rxg4 Be5 53.
c4 Bc7 54. Kf3 Rf6+ 55. Ke3 Re6+ 56. Kd3 Rf6 57. Ke3 Re6+ 58. Kd3 Rf6 59. Rg5
Rxf2 60. Rxg6 Rf3+ 61. Kc2 Rf5 62. Rxa6 {White has won a second pawn but the
a5-pawn will soon fall.} Kc8 63. Kd3 Rh5 64. c5 Kb7 65. Rg6 Bxa5 {Svidler is
ready to defend the rook+bishop vs rook endgame.} 66. Bxa5 Rxc5 {The notorius
bishop+rook vs rook. Svidler defends this well for a while but soon goes
astray.} 67. Bb4 Rc6 68. Bd6 Kc8 69. Kd4 Rb6 70. Kd5 Rb7 71. Rg8+ Kd7 72. Bc5
Kc7 73. Rg6 Kd7 74. Rh6 Kc7 75. Rc6+ Kd7 76. Bb6 Ke8 77. Bd4 Kd7 78. Rd6+ Kc8
79. Ke6 Kc7 80. Ra6 Rb5 81. Ra1 Kc6 82. Rc1+ Kb7 83. Kd6 Ka6 84. Rc6+ Ka5 85.
Bc5 Rb7 86. Kd5 Kb5 87. Bd6 Ka4 88. Ra6+ Kb5 89. Ra1 Kb6 90. Rc1 Kb5 91. Rc6
Ka4 92. Bc5 Kb5 93. Rd6 Ka4 94. Kc6 Rb8 95. Rd3 Rc8+ 96. Kd5 Rd8+ 97. Bd6 Rc8
98. Ra3+ Kb5 99. Rb3+ Ka4 100. Rb4+ Ka5 101. Bc5 Rh8 102. Rb7 Ka4 $2 (102...
Ka6 {is the easiest way to draw} 103. Rb2 Rd8+ 104. Kc4 Rc8 $11) 103. Kc4 $1 {
This is the Philidor position and everything is in place. But can White win
within 116 moves? (The fifty move rule). Svidler said during the game that he
wanted to get up and sit adjacent to his board because that is the way he had
studied this endgame. Sitting at the place where he was did not give the
orientation of the board and pieces when he had worked on this endgame at
home! Peter has asked many players if it is possible to get up and view the
board from the side, but he has not yet received a conclusive answer!} Rh4+
104. Bd4 Rh5 {The enemy rook is already on the first rank so it is time to
take the rook from one side to the other.} 105. Bf2 $2 {This is incorrect. The
right way to remember it is the bishop should be defended by the rook. So you
should play Bf2 when your rook is on b2.} (105. Rb2 $1 Rh3 (105... Ka3 106. Re2
$1 {Threatening a check on c5.} Rh4 107. Re6 Ka2 108. Re1 {and it is game over}
) 106. Bf2 $1 {The rook defends the bishop and the bishop controls the
h4-square. This is the ideal formation.} Rf3 {Once the rook has been forced to
an inferior square on the third rank it is time to improve your bishop with a
tempo.} (106... Ka3 107. Re2 Ka4 108. Re7 Rh5 109. Be1 Ka3 110. Bc3 Rh4+ 111.
Bd4 Ka2 112. Re1 $18) 107. Bc5 Rf4+ 108. Bd4 Rf3 109. Rb4+ $1 {This check is
crucial.} Ka3 (109... Ka5 110. Rb7 {is immediate curtains.}) 110. Rb6 Ka2 111.
Rb2+ $1 {An important intermediate check.} Ka3 112. Re2 {Threatening Bc5+.
Keep an eye on the move counter - it is still not 116 moves!} Ka4 113. Be3 $1 {
Blocking the rook.} Ka3 114. Bc5+ Ka4 115. Ra2+ Ra3 116. Rxa3# {And wins on
exactly the 50th move! This analysis proves that Caruana not only
theoretically had a winning position, but if he made all the accurate moves
then he would have won the game within the 50 moves rule.}) 105... Rg5 {
The rook moves to a better square.} 106. Rh7 $2 {A crucial waste of time.} (
106. Bd4 {transposing back to Philidor is theoretically winning but now it is
impossible to win in 50 moves!}) 106... Rg4+ (106... Rb5) 107. Bd4 Rg5 108. Rh8
Rb5 109. Ra8+ Ra5 110. Rb8 Rh5 111. Bf6 $2 (111. Rb2 {as shown above was the
right way but it is already too late now.}) 111... Ka5 $1 {The king escapes
from the net.} 112. Bc3+ Ka6 113. Bd4 Rh6 114. Be3 Re6 115. Rb3 Rc6+ 116. Kd5 {
So many twists and turns! Just like a Hollywood movie!} 1/2-1/2

[Event "Terrassa"]
[Site "Terrassa"]
[Date "1991.??.??"]
[Round "8"]
[White "Romanishin, Oleg M"]
[Black "Adams, Michael"]
[Result "1/2-1/2"]
[WhiteElo "2610"]
[BlackElo "2600"]
[Annotator "Schussler,H"]
[PlyCount "59"]
[EventDate "1991.05.??"]
[EventType "tourn"]
[EventRounds "9"]
[EventCountry "ESP"]
[EventCategory "12"]
[SourceTitle "CBM 024"]
[Source "ChessBase"]
[SourceDate "1991.10.01"]
[SourceVersion "1"]
[SourceVersionDate "1991.10.01"]
[SourceQuality "1"]

1. e4 e5 2. Nf3 Nc6 3. Bb5 a6 4. Ba4 Nf6 5. O-O Be7 6. d4 exd4 7. Re1 (7. e5
Ne4 8. Nxd4 O-O 9. Nf5 d5 10. Bxc6 bxc6 11. Nxe7+ Qxe7 12. Re1 {12. - f5!? 
(Yusupov).} Re8 13. f3 Nd6 $13) 7... b5 8. Bb3 (8. e5 Nxe5 $1 9. Rxe5 d6 10.
Re1 bxa4 11. Nxd4 Bd7 12. Qf3 O-O 13. Nc6 Bxc6 14. Qxc6 d5 $10 {
Nicholson-Hjartarson, London 1986.}) 8... d6 9. Bd5 Bb7 (9... Nxd5 $5 10. exd5
Ne5 11. Nxd4 O-O $10) (9... Bd7 10. Nxd4 Nxd5 11. Nxc6 Bxc6 12. exd5 Bb7 {
This transposes to the game.}) 10. Nxd4 Nxd5 11. Nxc6 Bxc6 12. exd5 Bb7 13. a4
Qd7 $1 (13... O-O 14. axb5 axb5 15. Rxa8 Bxa8 16. Qe2 Bf6 17. Qxb5 c6 18. dxc6
Qc8 $14 {Black has some compensation for the sacrificed pawn,
Nicholson-Hawksworth, England 1986.}) 14. axb5 axb5 15. Rxa8+ Bxa8 16. Nc3 O-O
17. Qe2 Bd8 $1 $10 (17... Bf6 18. Qxb5 Qxb5 19. Nxb5 Bxd5 20. Nxc7 $14) 18. Qd3
b4 19. Nd1 c5 20. dxc6 Qxc6 21. f3 h6 22. Be3 Bf6 23. Bd4 Bxd4+ 24. Qxd4 Qxc2
25. Qxb4 Qc5+ 26. Qxc5 dxc5 27. Kf2 Rd8 28. Nc3 Bc6 29. Re5 Rb8 30. Rxc5
1/2-1/2

[Event "Bayamo"]
[Site "Bayamo"]
[Date "1990.??.??"]
[Round "3"]
[White "Zapata, Alonso"]
[Black "Borges Matos, Juan R"]
[Result "1/2-1/2"]
[WhiteElo "2480"]
[BlackElo "2500"]
[Annotator "Schussler,H"]
[PlyCount "121"]
[EventDate "1990.04.??"]
[EventType "tourn"]
[EventRounds "13"]
[EventCountry "CUB"]
[EventCategory "8"]
[SourceTitle "CBM 018"]
[Source "ChessBase"]
[SourceDate "1990.10.01"]
[SourceVersion "1"]
[SourceVersionDate "1990.10.01"]
[SourceQuality "1"]

1. e4 e5 2. Nf3 Nc6 3. Bb5 a6 4. Ba4 Nf6 5. d4 exd4 6. O-O Be7 7. Re1 b5 8. e5
Nd5 9. Bb3 Nb6 10. c3 O-O 11. Nxd4 Nxd4 12. Qxd4 d6 13. exd6 Bxd6 14. Bf4 Re8
15. Nd2 Bb7 16. Bxd6 Qxd6 17. Qxd6 cxd6 18. Nf1 Rxe1 19. Rxe1 Kf8 20. Ne3 Rd8
21. f3 d5 22. Nf5 Nc4 23. Re2 Bc8 24. Nd4 Re8 25. Bxc4 dxc4 26. Kf2 Rxe2+ 27.
Nxe2 Ke7 28. Ke3 Kd6 29. Kd4 g6 30. h4 Bd7 31. Ng3 f5 32. Ne2 Bc6 33. Nf4 Be8
34. a4 Bf7 35. a5 Bg8 36. g4 Bf7 37. g5 Bg8 38. h5 Bf7 39. h6 Bg8 40. Ng2 Bd5
41. Nh4 Bf7 42. Ng2 Bd5 43. Ne3 Be6 44. Nc2 Bd5 45. Nb4 Bxf3 46. Nxa6 Bb7 47.
Nc5 Bc6 48. a6 Bd5 49. a7 Ba8 50. b3 cxb3 51. Nxb3 f4 52. Kd3 Ke5 53. Nc1 f3
54. Ke3 f2 55. Kxf2 b4 56. Ne2 {56.cxb4!} bxc3 57. Nxc3 Kf4 58. Nb5 Kxg5 59.
Nc7 Bb7 60. a8=Q Bxa8 61. Nxa8 1/2-1/2

[Event "Interzonal-15"]
[Site "Manila"]
[Date "1990.??.??"]
[Round "7"]
[White "Tal, Mihail"]
[Black "Miles, Anthony John"]
[Result "1/2-1/2"]
[WhiteElo "2580"]
[BlackElo "2595"]
[Annotator "Schussler,H"]
[PlyCount "43"]
[EventDate "1990.06.29"]
[EventType "swiss"]
[EventRounds "13"]
[EventCountry "PHI"]
[SourceTitle "CBM 019"]
[Source "ChessBase"]
[SourceDate "1990.12.01"]
[SourceVersion "1"]
[SourceVersionDate "1990.12.01"]
[SourceQuality "1"]

1. e4 e5 2. Nf3 Nc6 3. Bb5 Nf6 4. d4 exd4 5. O-O a6 6. Ba4 Be7 7. Re1 O-O 8. e5
Nd5 (8... Ne8 9. c3 dxc3 10. Nxc3 d6 11. exd6 cxd6 12. Nd5 $13) 9. Nxd4 Nb6 10.
Bb3 Nxd4 11. Qxd4 d5 12. exd6 Qxd6 {This line is considered good for White due
to the move Tal now plays.} 13. Qe4 Bd8 14. Nc3 Bd7 15. Bf4 Qg6 16. Qxg6 hxg6
17. Rad1 Bc6 18. f3 Rc8 19. Ne4 Bh4 20. g3 Be7 21. Bg5 Bd8 22. Bxd8 1/2-1/2

[Event "Interzonal-15"]
[Site "Manila"]
[Date "1990.??.??"]
[Round "11"]
[White "Zapata, Alonso"]
[Black "El Taher, Fouad"]
[Result "1-0"]
[WhiteElo "2545"]
[BlackElo "2375"]
[Annotator "Schussler,H"]
[PlyCount "126"]
[EventDate "1990.06.29"]
[EventType "swiss"]
[EventRounds "13"]
[EventCountry "PHI"]
[SourceTitle "CBM 019"]
[Source "ChessBase"]
[SourceDate "1990.12.01"]
[SourceVersion "1"]
[SourceVersionDate "1990.12.01"]
[SourceQuality "1"]

1. e4 e5 2. Nf3 Nc6 3. Bb5 a6 4. Ba4 Nf6 5. d4 exd4 6. O-O Be7 7. Re1 b5 8. e5
Nxe5 9. Rxe5 d6 10. Re1 bxa4 11. Nxd4 Bd7 12. Qf3 O-O 13. Nc6 Bxc6 14. Qxc6 Nd7
15. Nc3 (15. Qxa4 Bf6 16. Nc3 Nc5 17. Qc4 Rb8 18. b3 Nd7 19. Bd2 {Draw agreed
Perez-Unzicker, Madrid 1957.}) 15... Bf6 16. Nxa4 Ne5 17. Qd5 Qe8 18. Re4 $14
Qd7 19. Bf4 Rab8 20. Rae1 Ng6 21. b3 Rb5 22. Qd3 d5 23. Bg3 Qc6 24. R4e2 h5 25.
h3 h4 26. Bh2 Rb4 27. Qf3 Qd7 28. Nc5 Qc6 29. Nd3 Rb6 30. Rd1 Rd8 31. Ne1 Bc3
32. Qf5 Re8 33. Rxe8+ Qxe8 34. Nf3 c6 35. Qd3 Bf6 36. c4 dxc4 37. Qxc4 Rb5 38.
Rc1 Rd5 39. Qxa6 Bb2 40. Re1 Qd7 41. Qe2 Bf6 42. Qe8+ Qxe8 43. Rxe8+ Kh7 44.
Re4 c5 45. Kf1 Rd1+ 46. Re1 Rd7 47. Rc1 Ra7 48. Rc2 Be7 49. Ke2 Nf8 50. Bf4 Ne6
51. Be3 Ra6 52. Kd3 g5 53. Ke4 f6 54. g4 Kg6 55. Ne1 Nf4 56. Bxf4 Re6+ 57. Kf3
Rxe1 58. Rc1 Re6 59. Be3 Ra6 60. Rc2 Kf7 61. Ke4 Ke6 62. f4 gxf4 63. Bxf4 Ra3
1-0